000 00646nam a2200229 i 4500
001 C2-0326467
003 PPAK
005 20180728124323.0
008 140327s2013 xxka|||| ||||| | eng d
020 _a9781472306982
040 _aPPAK
_beng
_cPPAK
_erda
082 0 4 _a793.73
_223
090 0 0 _a793.73
_bCLI
_dRK
245 0 0 _aClink clank clunk :
_ba noisy robot adventure
264 1 _aBath, United Kingdom :
_bParragon ,
_c2013
300 _a[12] pages :
_bcolour illustrations ;
_c24 cm
336 _2rdacontent
_atext
337 _2rdamedia
_aunmediated
338 _2rdacarrier
_avolume
650 1 0 _aAdventure game
942 _ddc
_cB
999 _c126130
_d126130